000 00433nam a2200181Ia 4500
008 231222s2021 xx 000 0 und d
041 _aeng
082 _a615.1/SHI
100 _aDr.V.M.Shinde
245 _aA practical Book of Herbal Drug Technology
250 _a1st Feb
260 _bNirali Prakashan
_c2021
300 _a73p
365 _cRS
500 _aBV
650 _aHerbral Drug Technology
906 _aB.Pharam
999 _c1007423
_d1007423